000 00224nam a22000857a 4500
008 161022b xxu||||| |||| 00| 0 eng d
100 _9940
_aKhati.R.
245 _aFact Finding Science-2
260 _aNew Delhi
_bESPPublications
_c2011
999 _c3594
_d3594